000 00432nam a22001697a 4500
003 NUST - PNEC
005 20170116181056.0
008 151001b xxu||||| |||| 00| 0 eng d
020 _a0713136782
040 _cLIBRARY
082 _a629.8312 CHE
100 _912077
_a Chesmond, C. J.
245 _aControl system technology
_c C. J.Chesmond
260 _cc 1982
650 _912078
_aAutomatic control
_xEE/EL
942 _2ddc
_cBK
999 _c68561
_d68561